Inter-religious dialogue : (Record no. 25165)

MARC details
000 -LEADER
fixed length control field 01630cam a2200397 a 4500
001 - CONTROL NUMBER
control field 15453059
003 - CONTROL NUMBER IDENTIFIER
control field BDDh-ASL
005 - DATE AND TIME OF LATEST TRANSACTION
control field 20231015030445.0
008 - FIXED-LENGTH DATA ELEMENTS--GENERAL INFORMATION
fixed length control field 080917s2004 bg b 100 0 eng
010 ## - LIBRARY OF CONGRESS CONTROL NUMBER
LC control number 2008331948
025 ## - OVERSEAS ACQUISITION NUMBER
Overseas acquisition number B-E-2008-331948; 22
037 ## - SOURCE OF ACQUISITION
Source of stock number/acquisition Library of Congress -- New Delhi Overseas Office
Terms of availability Tk150.00
040 ## - CATALOGING SOURCE
Original cataloging agency DLC
Transcribing agency DLC
Modifying agency DLC
-- BDDh-ASL
042 ## - AUTHENTICATION CODE
Authentication code lcode
050 00 - LIBRARY OF CONGRESS CALL NUMBER
Classification number BL80.3
Item number .I57 2002
082 ## - DEWEY DECIMAL CLASSIFICATION NUMBER
Classification number 204
Item number INT
111 2# - MAIN ENTRY--MEETING NAME
Meeting name or jurisdiction name as entry element International Seminar on "Inter-religious Dialogue, Chance For Peace"
Date of meeting or treaty signing (2002 :
Location of meeting Dhaka, Bangladesh)
245 10 - TITLE STATEMENT
Title Inter-religious dialogue :
Remainder of title chance for peace /
Statement of responsibility, etc. edited by Niru Kumar Chakma and A.K.M. Salahuddin.
260 ## - PUBLICATION, DISTRIBUTION, ETC.
Place of publication, distribution, etc. Dhaka :
Name of publisher, distributor, etc. Goethe-Institut,
Date of publication, distribution, etc. 2004.
300 ## - PHYSICAL DESCRIPTION
Extent 204 p. ;
Dimensions 23 cm.
504 ## - BIBLIOGRAPHY, ETC. NOTE
Bibliography, etc. note Includes bibliographical references.
520 ## - SUMMARY, ETC.
Summary, etc. Contributed papers presented at the seminar organized jointly by Goethe-Institut Dhaka and Dept. of Philosophy, Dhaka University in 2002.
650 #0 - SUBJECT ADDED ENTRY--TOPICAL TERM
Topical term or geographic name entry element Religions
General subdivision Relations
Form subdivision Congresses.
650 #0 - SUBJECT ADDED ENTRY--TOPICAL TERM
Topical term or geographic name entry element Religious pluralism
Form subdivision Congresses.
650 #0 - SUBJECT ADDED ENTRY--TOPICAL TERM
Topical term or geographic name entry element Peace
General subdivision Religious aspects
Form subdivision Congresses.
650 #0 - SUBJECT ADDED ENTRY--TOPICAL TERM
Topical term or geographic name entry element Christianity and other religions
General subdivision Islam
Form subdivision Congresses.
650 #0 - SUBJECT ADDED ENTRY--TOPICAL TERM
Topical term or geographic name entry element Islam
General subdivision Relations
-- Christianity
Form subdivision Congresses.
700 1# - ADDED ENTRY--PERSONAL NAME
Personal name Chakma, Niru Kumar.
700 1# - ADDED ENTRY--PERSONAL NAME
Personal name Salahuddin, A. K. M.,
Titles and other words associated with a name Dr.
710 2# - ADDED ENTRY--CORPORATE NAME
Corporate name or jurisdiction name as entry element Goethe-Institut Dhaka.
710 2# - ADDED ENTRY--CORPORATE NAME
Corporate name or jurisdiction name as entry element University of Dhaka.
Subordinate unit Darśana Bibhāga.
856 41 - ELECTRONIC LOCATION AND ACCESS
Materials specified Table of contents only
Uniform Resource Identifier <a href="http://www.loc.gov/catdir/toc/fy1001/2008331948.html">http://www.loc.gov/catdir/toc/fy1001/2008331948.html</a>
906 ## - LOCAL DATA ELEMENT F, LDF (RLIN)
a 7
b cbc
c origode
d 3
e ncip
f 20
g y-gencatlg
942 ## - ADDED ENTRY ELEMENTS (KOHA)
Source of classification or shelving scheme Dewey Decimal Classification
Koha item type Books
Holdings
Withdrawn status Lost status Source of classification or shelving scheme Damaged status Not for loan Collection code Home library Current library Shelving location Date acquired Source of acquisition Total Checkouts Full call number Barcode Date last seen Copy number Price effective from Koha item type
    Dewey Decimal Classification     Non-fiction Asiatic Society Library Asiatic Society Library General Stacks 06/23/2021 Complimentary   204 INT 109882 06/23/2021 C-1 06/23/2021 Books

Powered by Koha